000 00734cam a2200205 i 4500
005 20251224100522.0
008 250721r2014 ua gr 000 0 ara d
020 _a9789773442354
082 1 4 _a218.51
_bش ر ف
100 1 _aشرف، عبد العليم
_eمؤلف.
245 1 2 _aالخطاب الديني للصم :
_cتاليف الدكتور عبدالعليم شرف.
_b "الفلسفة والتطبيق"
250 _aالطبعة الاولى.
264 1 _aالقاهرة :
_bدار الآفاق العربية،
_c2014.
300 _a170صفحة.
650 1 7 _aالوعظ والارشاد.
650 1 7 _aالتوعية الدينية.
650 1 7 _aالاسلام.
942 _2ddc
_cBK
999 _c130794
_d130794